Cities by Coordinates - Multiple Choice - Statistics

General Stats
  • This quiz has been taken 21 times
  • The average score is 5 of 12
Answer Stats
Question Answer % Correct
48° 51′ N, 2° 21′ O Paris
72%
44° 59′ N, 93° 16′ W Minneapolis
56%
34° 36′ S, 58° 23′ W Buenos Aires
50%
38° 7′ N, 13° 22′ O Palermo
50%
59° 55′ N, 10° 45′ O Oslo
44%
23° 44′ N, 90° 24′ O Dhaka
39%
15° 35′ N, 32° 31′ O Khartoum
39%
3° 8′ N, 101° 42′ O Kuala Lumpur
33%
31° 57′ S, 115° 51′ O Perth
33%
51° 3′ N, 114° 4′ W Calgary
28%
29° 19′ S, 27° 29′ O Maseru
22%
42° 0′ N, 21° 26′ O Skopje
17%
No matching quizzes found
Score Distribution
Percent of People with Each Score
Percentile by Number Answered
Your Score History
You have not taken this quiz